000 00565cam a22002053a 4500
001 35039
003 PGUSA
005 20140828083745.0
008 110122s2011||||xxu|||||s|||||000 | eng d
040 _aPGUSA
_beng
042 _adc
100 1 _aCarstairs, Christian
245 1 4 _aThe Hubble-Shue
_h[electronic resource] /
_cChristian Carstairs
260 _bProject Gutenberg,
_c2011
506 _aPublic domain in the USA.
516 _aElectronic text
830 0 _aProject Gutenberg
_v35039
856 4 0 _uhttp://www.gutenberg.org/ebooks/35039
942 _cEB
999 _c264294
_d264294